• 首页
  • 本馆介绍
  • 公告通知
  • 最新文献
  • 馆藏检索
  • 电子资源
  • 读者导购
  • 参考咨询
  • 我的图书馆
  • 登录
  • 详细信息显示
  • 放入我的书架
  • 预约/预借图书
  • 作者相关作品
  • 分类相关作品
  • 丛书相关作品
  • 出版社相关作品

书目信息

  • 表格格式
  • 工作单格式
  • 卡片格式
题名:
小学班级文化建设
    
 
作者: 戴联荣 , 薛晓阳 编著
分册:  
出版信息: 南京   南京师范大学出版社  1999
页数: 18,186页
开本: 20cm
丛书名: 21世纪班主任文库
单 册:
中图分类: G622.42
科图分类:
主题词: 班级--文化--建设--小学--教学参考资料
电子资源:
ISBN: 7-81047-305-0
000 00732nam2 2200241 450
001 1556270152
005 20150125153704.15
010    @a7-81047-305-0@dCNY8.50
100    @a20021005d1999 emky0chiy0110 ea
101 0  @achi
102    @aCN@b320000
105    @ay z 000yy
200 1  @a小学班级文化建设@9xiao xue ban ji wen hua jian she@f戴联荣,薛晓阳编著
210    @a南京@c南京师范大学出版社@d1999
215    @a18,186页@d20cm
225 2  @a21世纪班主任文库@i小学卷
461  0 @12001 @a21世纪班主任文库
606 0  @a班级@x文化@x建设@x小学@x教学参考资料
690    @aG622.42@v5
701  0 @a戴联荣@9dai lian rong@4编著
701  0 @a薛晓阳@9xue xiao yang@4编著
801  0 @aCN@bTSSF@c20150125
905    @aZUCC@dG622.42@eJY2
    
    小学班级文化建设/戴联荣,薛晓阳编著.-南京:南京师范大学出版社,1999
    18,186页;20cm.-(21世纪班主任文库.小学卷)
    
    
    ISBN 7-81047-305-0:CNY8.50
    
●
相关链接 在E读中查询图书 在五车中查询图书 在当当中查询图书 在豆瓣中查询图书


正题名:小学班级文化建设     索取号:G622.42/JY2         预约/预借

序号 登录号 条形码 馆藏地/架位号 状态 备注
1 7858735   278587352   学院路分馆/ [索取号:G622.42/JY2] 在馆    
2 7858736   278587361   学院路分馆/ [索取号:G622.42/JY2] 在馆    
唐山师范学院图书馆 欢迎您!
大连网信软件有限公司© 版权所有